| 000 | 00463nam a2200145Ia 4500 | ||
|---|---|---|---|
| 008 | 151015s9999 xx 000 0 und d | ||
| 020 | _a1574770551 | ||
| 050 | _aT 10.68.L86 1998 | ||
| 245 | _aLundgren Regina E | ||
| 250 | _a_Risk communication A hand book for communicating environmental,safety,and health risks[2nd ed.] | ||
| 300 | _aUSA Battelle press 1998 | ||
| 500 | _aIncludes index | ||
| 650 | _a_communication | ||
| 700 | _a^d20130522 09:51:39^oanne | ||
| 999 |
_c4661 _d4661 |
||